000 00542nam a22001817a 4500
003 OSt
005 20220907173907.0
008 220907b |||||||| |||| 00| 0 eng d
040 _cBiblioteca Lado V
082 _a709.2
_bSA194t
100 _aSanchez, Tomas
245 _aTomas Sanchez
300 _a39p.
_c21x30cm
650 _2Tesauro de Arte & Arquitectura
_aCOMPILADO
650 _2Tesauro de Arte & Arquitectura
_aRECORTES
650 _2Tesauro de Arte & Arquitectura
_aARTE
942 _2ddc
_c1
_h709.2 SA194t
_n0
999 _c1944
_d1944